International financial governance under stress : global structures versus national imperatives /

Bibliographic Details
Other Authors: Underhill, Geoffrey R. D., Zhang, Xiaoke
Format: Book
Language:English
Published: Cambridge, UK ; New York : Cambridge University Press, 2003.
Subjects:

MARC

Tag First Indicator Second Indicator Subfields
LEADER 00000cam a22000004a 4500
001 in00001767775
005 20151025073637.0
008 020401s2003 enka b 101 0 eng
010 |a  2002067214 
015 |a GBA3-24883 
019 |a 51965573 
020 |a 0521817323 
035 |a (OCoLC)ocm49530160 
040 |a DLC  |c DLC  |d C#P  |d J2H  |d UKM  |d TXA  |d UtOrBLW 
042 |a pcc 
043 |a a------ 
049 |a TXAM 
050 0 0 |a HG3881  |b .I60728 2003 
082 0 0 |a 332/.042  |2 21 
245 0 0 |a International financial governance under stress :  |b global structures versus national imperatives /  |c Geoffrey R.D. Underhill, Xiaoke Zhang [editors]. 
264 1 |a Cambridge, UK ;  |a New York :  |b Cambridge University Press,  |c 2003. 
300 |a xiv, 395 pages :  |b illustrations ;  |c 24 cm. 
336 |a text  |b txt  |2 rdacontent 
337 |a unmediated  |b n  |2 rdamedia 
338 |a volume  |b nc  |2 rdacarrier 
500 |a Based on an international conference held Feb. 3-5, 2000 in Amsterdam. 
504 |a Includes bibliographical references and index. 
505 0 |a Introduction : global market integration, financial crises and policy imperatives / Geoffrey R. D. Underhill and Xiaoke Zhang -- Reform of the international financial architecture : what has been written? / Jonathan Story -- Costs and benefits of financial globalisation : concepts, evidence and implications / John Williamson -- Capital controls : the neglected option / Benjamin J. Cohen -- Global structures and political imperatives : in search of normative underpinnings for international financial order / Geoffrey R. D. Underhill and Xiaoke Zhang -- Crisis consequences : lessons from Thailand / Pasuk Phongpaichit and Chris Baker -- The politics of financial reform : recapitalising Indonesia's banks / Richard Robison -- South Korea and the Asian crisis : the impact of the democratic deficit and OECD accession / Stephen L. Harris -- Currency crisis in Russia and other transition economies / Vladimir Popov -- Capital account convertibility and the national interest : has India got it right? / Vijay Joshi -- Learning to live without the Plan : financial reform in China / Shaun Breslin -- The Asian financial crisis and Japanese policy reactions / Masayuki Tadokoro -- Private capture, policy failures and financial crisis : evidence and lessons from South Korea and Thailand / Xiaoke Zhang and Geoffrey R. D. Underhill -- Governance, markets and power : the political economy of accounting reform in Indonesia / Andrew Rosser -- The private sector, international standards and the architecture of global finance / George Vojta and Marc Uzan -- The legitimacy of international organisations and the future of global governance / Jean-Marc Coicaud and Luiz A. Pereira Da Silka -- The G-7 and architecture debates : norms, authority and global financial governance / Andrew Baker -- Bail-outs, bail-ins, and bankruptcy : evolution of the new architecture / Manmohan S. Kumar and Marcus Miller -- Conclusion : towards the good governance of the international financial system / Geoffrey R. D. Underhill and Xiaoke Zhang. 
650 0 |a International finance  |v Congresses. 
650 0 |a Financial crises  |v Congresses. 
650 0 |a Monetary policy  |v Congresses. 
650 0 |a International finance  |z Asia  |v Congresses. 
650 0 |a Financial crises  |z Asia  |v Congresses. 
650 0 |a Monetary policy  |z Asia  |v Congresses. 
700 1 |a Underhill, Geoffrey R. D. 
700 1 |a Zhang, Xiaoke. 
994 |a E0  |b TXA 
948 |a cataloged  |b h  |c 2003/6/25  |d c  |e bwalker  |f 10:17:05 am 
999 |a MARS 
999 f f |s cbb703a1-c852-3d59-99e1-6bf3b8bb050a  |i 24652d79-12a1-33cf-8345-841593215856  |t 0 
952 f f |p ric  |a Texas A&M University  |b Rellis Campus  |c Joint Library Facility  |d Remote Storage  |t 0  |e HG3881 .I60728 2003  |h Library of Congress classification  |i unmediated -- volume  |m A14830256450 
998 f f |a HG3881 .I60728 2003  |t 0  |l Remote Storage